Une lettre suffit pour répondre juste #99 (attention 10 lettres tuent) - Statistiques

Statistiques générales
  • Ce quiz a été pris 55 fois
  • Le résultat moyen est 3 sur 6
Statistiques - réponses
Hint Réponse % Correct
Donne une des 5 lettres de la traduction de pouce en anglais (autre que inch) : _ _ _ _ _ THUMB
98%
Donne une des 4 lettres du titre honorifique en langue anglaise qui signifie « seigneur ». Il est notamment utilisé pour désigner un membre de la Chambre des lords, la chambre haute du Parlement du Royaume-Uni : _ _ _ _ LORD
85%
Donne une des 3 lettres qui compose : - le prénom raccourci du réalisateur de nombreux films d'horreurs américain comme Scream ou Les Griffes de la Nuit - le nom de cet artiste principalement connu pour le titre Alane, tube de l'été en 1997 :
WES (CRAVEN ET WES)
44%
Donne une des 2 lettres qui ensemble forme : - la formule chimique du nitrure de phosphore - le nom de domaine internet du pays ci-dessous en vert
NP
39%
Donne la lettre qui est présente dans le nom : - d'un groupe de metal progressif américain, originaire du New Jersey actif à partir de 1994 : Symphony _ - d'une série télévisée américano-canadienne de science-fiction de 2001 à 2004 (ici en photo les acteurs) : Mutant _
X
24%
Donne la première lettre du nom de cette série TV diffusée sur M6 à partir de 2016 :
Ce nom fait référence à une des plus grandes bases de l'US Marine Corps dans le monde situé en Virginie
Q (Quantico)
5%
Aucun quiz correspondant
Distribution des résultats
% des personnes avec chaque résultat
Percentile par nombre de réponses
Votre historique - résultats
Vous n’avez pas pris ce quiz